Loga sklepów wycofanych z Polski - Statystyki

Ogólne statystyki
  • Ten quiz został rozwiązany 43 razy
  • Średni wynik to 7 z 14
Statystyki odpowiedzi
Obrazkowy Hint Odpowiedź % Poprawnych
Wielka Brytania Tesco
94%
Polska Piotr i Paweł
85%
Niemcy Real
85%
Polska Alma
79%
Francja Geant
44%
Austria Billa
41%
Norwegia Rema
41%
Polska MarcPol
38%
Francja Leader Price
32%
Holandia Hypernova
26%
Holandia Jumbo
26%
Niemcy Plus
26%
Czechy Albert
24%
Polska Bomi
24%
Nie znaleziono quizów pasujących do podanych kryteriów
Rozkład punktacji
Procent ludzi z każdym wynikiem
Percentyl według liczby udzielonych odpowiedzi
Twoja historia wyników
Nie rozwiązałeś tego quizu